Financing for development (Record no. 21036)
[ view plain ]
| 000 -LEADER | |
|---|---|
| fixed length control field | 01414nam a22003494a 4500 |
| 082 04 - DEWEY DECIMAL CLASSIFICATION NUMBER | |
| Classification number | 338.91 |
| 245 00 - TITLE STATEMENT | |
| Title | Financing for development |
| 260 ## - PUBLICATION, DISTRIBUTION, ETC. (IMPRINT) | |
| Place of publication | Tokyo ; |
| -- | New York : |
| Name of publisher | United Nations University Press, |
| Year of publication | c2001. |
| 300 ## - PHYSICAL DESCRIPTION | |
| Number of Pages | ix, 181 p. |
| 650 #0 - SUBJECT ADDED ENTRY--TOPICAL TERM | |
| Topical Term | Investments, Foreign |
| Topical Term | Economic development |
| Topical Term | Finance |
| Topical Term | International finance. |
| 700 1# - ADDED ENTRY--PERSONAL NAME | |
| Personal name | Herman, Barry. |
| Personal name | Pietracci, Federica. |
| Personal name | Sharma, Krishnan. |
| 856 40 - ELECTRONIC LOCATION AND ACCESS | |
| Uniform Resource Identifier | http://site.ebrary.com/lib/rucke/Doc?id=5006033 |
No items available.
